| 000 | 00742nam a2200217 i 4500 | ||
|---|---|---|---|
| 001 | bg | ||
| 100 | 1 | _aŻUKOWSKI, Waldemar | |
| 245 | 1 | 0 |
_aRoślinność naczyniowa okolic Szczecinka / _cWaldemar Żukowski ; Poznańskie Towarzystwo Przyjaciół Nauk. Wydział Matematyczno-Przyrodniczy. |
| 260 |
_aPoznań : _bPTPN, _c1960. |
||
| 300 |
_a70, [5] s. : _b2 mapy ; _c24 cm. |
||
| 490 | 1 |
_aPrace Komisji Biologicznej ; _vT.22, z.1 |
|
| 504 | _aBibliogr. s. 68-70. | ||
| 650 | 9 |
_aRośliny naczyniowe _xsystematyka _zPolska |
|
| 651 | 9 |
_aSzczecinek k. Koszalina, okręg _xflora |
|
| 830 | _aPrace Komisji Biologicznej ; | ||
| 040 | _cBPK | ||
| 041 | 0 | _apl | |
| 080 | _a581.9(438) | ||
| 942 | _cKS | ||
| 008 | s pl f |000 0 pol | ||
| 999 |
_c30797 _d30797 |
||
| 856 |
_uhttp://koha.tu.koszalin.pl/cgi-bin/koha/opac-detail.pl?biblionumber=30797 _yKatalog online BPK |
||